| 000 | 00946nam a2200277 a 4500 | ||
|---|---|---|---|
| 001 | 60729 | ||
| 003 | BD-RjUL | ||
| 005 | 20211209080857.0 | ||
| 008 | 170102s2004 mauabf b 001 0 eng | ||
| 020 | _a8129704110 | ||
| 035 | _a(BjULD-R)60853 | ||
| 040 |
_aBD-RjUL _cBD-RjUL _dBjULD-R _beng |
||
| 041 | _aeng | ||
| 082 | 0 | 4 |
_a658.18 _223 _bDAI 2004 |
| 100 | 1 |
_aDaniels, John D. _9177230 |
|
| 245 | 1 | 0 |
_aInternational business : _benvironments and operations / _cJohn D. Daniels, Lee H. Radebaugh and Daniel P. Sullivan. |
| 260 |
_aIndia. : _bPearson Education Pte. Ltd., _c2004. |
||
| 300 |
_axxxiii, 700 : _bill. ; _c25 cm. |
||
| 504 | _aIncludes bibliographies and indexes. | ||
| 650 | 0 |
_aInternational business enterprises. _9175561 |
|
| 650 | 0 |
_aInternational economic relations. _9172391 |
|
| 650 | 0 |
_aInvestments, Foreign. _9177231 |
|
| 700 | 1 |
_aRadebaugh, Lee H. _9180939 |
|
| 700 | 1 |
_a Sullivan, Daniel P. _9180940 |
|
| 942 |
_2ddc _cBK |
||
| 999 |
_c60729 _d60729 |
||